BackTrack 5. Hacking de redes inalámbricas
Αποθηκεύτηκε σε:
| Κύριος συγγραφέας: | |
|---|---|
| Μορφή: | Βιβλίο |
| Γλώσσα: | Ισπανικά |
| Έκδοση: |
Ciudad de México, México
Alfaomega- Ra-Ma
2014
|
| Θέματα: | |
| Ετικέτες: |
Προσθήκη ετικέτας
Δεν υπάρχουν, Καταχωρήστε ετικέτα πρώτοι!
|
MARC
| LEADER | 00000cam a2200000 a 4500 | ||
|---|---|---|---|
| 001 | UCE5399 | ||
| 003 | CL-VaPUC | ||
| 005 | 20201215001354.0 | ||
| 008 | 141230e20140000mx |||||||||||||||||spa|d | ||
| 999 | |c 358129 |d 358127 | ||
| 020 | |a 9786077079378 | ||
| 040 | |c Pontificia Universidad Católica de Valparaíso | ||
| 082 | 0 | 4 | |a 005.8 ARB 2014 |2 21 |
| 100 | 0 | |a Arboledas Brihuega, David |e author |9 578017 | |
| 245 | 1 | 0 | |a BackTrack 5. |b Hacking de redes inalámbricas |
| 260 | |a Ciudad de México, México |b Alfaomega- |b Ra-Ma |c 2014 | ||
| 300 | |a 321 páginas | ||
| 583 | |a last modification |c 20190329 01:43:23 |k Rodrigo Vera | ||
| 650 | 0 | |a Tecnología de la seguridad |2 CL-VaPUC |9 364100 | |
| 650 | 0 | |a Sistemas operativos |9 260288 | |
| 650 | 0 | |a Seguridad de redes |2 CL-VaPUC |9 439593 | |
| 650 | 0 | |a Hackers |2 CL-VaPUC |9 571374 | |
| 650 | 0 | |a Seguridad informática |2 CL-VaPUC |9 469130 | |
| 852 | |a BIBCUR | ||
| 942 | |c BK |2 ddc | ||
| 945 | |d 20141230 16:04:00 |a arojas | ||
| 952 | |0 0 |1 0 |2 ddc |3 erb |4 0 |6 005_800000000000000_ARB_2014_2014 |7 0 |8 A |9 466614 |a BIBING |b BIBING |c RES |i 5132894 |o 005.8 ARB 2014 2014 |p 5132894 |r 2025-01-20 |w 2019-11-23 |y BK |z Catalogado en:20141230 |k CCI | ||
| 952 | |0 0 |1 2 |3 erb |4 0 |6 005_800000000000000_ARB_2014_2014 |7 0 |8 A |9 466615 |a BIBING |b BIBING |i 5132908 |o 005.8 ARB 2014 2014 |p 5132908 |r 2019-11-23 |w 2019-11-23 |y BK |z Catalogado en:20141230 |k CCI | ||
| 952 | |0 0 |1 0 |2 ddc |3 erb |4 0 |6 005_800000000000000_ARB_2014_2014 |7 0 |8 A |9 466616 |a BIBING |b BIBING |c RES |i 5132916 |o 005.8 ARB 2014 2014 |p 5132916 |r 2025-01-20 |w 2019-11-23 |y BK |z Catalogado en:20141230 |k CCI | ||
| 952 | |0 0 |1 0 |2 ddc |3 erb |4 0 |6 005_800000000000000_ARB_2014_2014 |7 0 |8 A |9 466617 |a BIBING |b BIBING |c RES |i 5132924 |o 005.8 ARB 2014 2014 |p 5132924 |r 2025-01-20 |w 2019-11-23 |y BK |z Catalogado en:20141230 |k CCI | ||
| 952 | |0 0 |1 0 |2 ddc |3 erb |4 0 |6 005_800000000000000_ARB_2014_2014 |7 0 |8 A |9 466618 |a BIBING |b BIBING |c RES |i 5132932 |o 005.8 ARB 2014 2014 |p 5132932 |r 2025-01-20 |w 2019-11-23 |y BK |z Catalogado en:20141230 |k CCI | ||
| 952 | |0 0 |1 0 |2 ddc |3 erb |4 0 |6 005_800000000000000_ARB_2014_2014 |7 0 |8 A |9 466619 |a BIBING |b BIBING |c RES |i 5351626 |o 005.8 ARB 2014 2014 |p 5351626 |r 2025-01-20 |w 2019-11-23 |y BK |z Catalogado en:20161124 |k CCI | ||
| 952 | |0 0 |1 0 |2 ddc |3 erb |4 0 |6 005_800000000000000_ARB_2014_2014 |7 0 |8 A |9 466620 |a BIBING |b BIBING |c RES |i 5351634 |o 005.8 ARB 2014 2014 |p 5351634 |r 2025-01-20 |w 2019-11-23 |y BK |z Catalogado en:20161124 |k CCI | ||
| 952 | |0 0 |1 0 |2 ddc |3 erb |4 0 |6 005_800000000000000_ARB_2014_2014 |7 0 |8 A |9 466621 |a BIBING |b BIBING |c RES |i 5351642 |o 005.8 ARB 2014 2014 |p 5351642 |r 2025-01-20 |w 2019-11-23 |y BK |z Catalogado en:20161124 |k CCI | ||
| 952 | |0 0 |1 0 |2 ddc |3 erb |4 0 |6 005_800000000000000_ARB_2014_2014 |7 0 |8 A |9 466622 |a BIBING |b BIBING |c RES |i 5351650 |o 005.8 ARB 2014 2014 |p 5351650 |r 2025-01-20 |w 2019-11-23 |y BK |z Catalogado en:20161124 |k CCI | ||
| 952 | |0 0 |1 0 |2 ddc |3 erb |4 0 |6 005_800000000000000_ARB_2014_2014 |7 0 |8 A |9 466623 |a BIBING |b BIBING |c RES |i 5351669 |o 005.8 ARB 2014 2014 |p 5351669 |r 2025-01-20 |w 2019-11-23 |y BK |z Catalogado en:20161124 |k CCI | ||
| 952 | |0 0 |1 0 |2 ddc |3 erb |4 0 |6 005_800000000000000_ARB_2014_2014 |7 0 |8 A |9 466624 |a BIBING |b BIBING |c RES |i 5540712 |o 005.8 ARB 2014 2014 |p 5540712 |r 2025-01-20 |w 2019-11-23 |y BK |z Catalogado en:20190329 |k CCI | ||
| 952 | |0 0 |1 0 |2 ddc |3 erb |4 0 |6 005_800000000000000_ARB_2014_2014 |7 0 |8 A |9 466625 |a BIBING |b BIBING |c RES |i 5540704 |o 005.8 ARB 2014 2014 |p 5540704 |r 2025-01-20 |w 2019-11-23 |y BK |z Catalogado en:20190329 |k CCI | ||
| 952 | |0 0 |1 0 |2 ddc |3 erb |4 0 |6 005_800000000000000_ARB_2014_2014 |7 0 |8 A |9 466626 |a BIBING |b BIBING |c RES |i 5540690 |o 005.8 ARB 2014 2014 |p 5540690 |r 2025-01-20 |w 2019-11-23 |y BK |z Catalogado en:20190329 |k CCI | ||
| 952 | |0 0 |1 0 |2 ddc |4 0 |6 005_800000000000000_ARB_2014 |7 0 |8 A |9 577104 |a BIBING |b BIBING |d 2020-12-14 |e 82 |g 16293.00 |i 557921K |l 2 |m 4 |o 005.8 ARB 2014 |p 557921K |r 2025-01-20 |s 2024-10-24 |t 15 |v 16293.00 |w 2020-12-14 |y BK |k CCI | ||
| 952 | |0 0 |1 0 |2 ddc |4 0 |6 005_800000000000000_ARB_2014 |7 0 |8 A |9 577105 |a BIBING |b BIBING |d 2020-12-14 |e 82 |g 16293.00 |i 5579201 |l 1 |o 005.8 ARB 2014 |p 5579201 |r 2025-01-20 |s 2022-05-12 |t 14 |v 16293.00 |w 2020-12-14 |y BK |k CCI | ||